Formula 3 Drivers 2020 Season - Statistics

General Stats
  • This quiz has been taken 29 times
  • The average score is 12 of 35
Answer Stats
Team Nationality Driver % Correct
Prema Racing Australia Oscar Piastri
76%
Prema Racing Denmark Frederik Vesti
71%
Prema Racing USA Logan Sargeant
71%
ART Grand Prix France Théo Pourchaire
67%
Hitech Grand Prix New Zealand Liam Lawson
62%
Charouz Racing System/Carlin Buzz Racing Germany David Schumacher
57%
Trident Germany David Beckmann
52%
HWA Racelab Brazil Enzo Fittipaldi
52%
Trident Germany Lirim Zendeli
48%
Hitech Grand Prix Norway Dennis Hauger
43%
MP Motorsport Netherlands Richard Verschoor
43%
ART Grand Prix Russia Aleksandr Smolyar
38%
Campos Racing Italy Alessio Deledda
38%
HWA Racelab Australia Jack Doohan
38%
Carlin Buzz Racing France/Switzerland Clément Novalak
33%
Jenzer Motorsport Italy Matteo Nannini
33%
MP Motorsport Netherlands Bent Viscaal
29%
Trident UK Olli Caldwell
29%
Charouz Racing System Czechia Roman Staněk
29%
Campos Racing Germany Sophia Flörsch
29%
Campos Racing Australia Alex Peroni
24%
Hitech Grand Prix UK Max Fewtrell
24%
Hitech Grand Prix France Pierre-Louis Chovet
24%
ART Grand Prix Spain/Venezuela Sebastián Fernández
24%
Jenzer Motorsport Australia Calan Williams
19%
HWA Racelab UK Jake Hughes
19%
Carlin Buzz Racing UK Ben Barnicoat
14%
Carlin Buzz Racing Italy Leonardo Pulcini
14%
Carlin Buzz Racing USA Cameron Das
10%
Jenzer Motorsport Italy Federico Malvestiti
10%
Charouz Racing System Brazil Igor Fraga
10%
MP Motorsport Austria Lukas Dunner
10%
Charouz Racing System Russia Michael Belov
10%
Campos Racing Germany Andreas Estner
5%
Carlin Buzz Racing UK Enaam Ahmed
5%
No matching quizzes found
Score Distribution
Percent of People with Each Score
Percentile by Number Answered
Your Score History
You have not taken this quiz